000 00470nam a2200169 4500
001 133178
003 ES-MaACL
005 20250802063114.0
007 t|
008 070214s1972 sp r ||||1| spa d
100 1 _aRubio, Rodrigo,
_d1931-2007
_9100377
245 1 3 _aLa feria
_b: novela /
_cRodrigo Rubio.
260 _aBarcelona :
_bPlaza Janés,
_c1972.
300 _a142 p. ;
_c18 cm.
852 _aES-MaACL
_jC-51374
_bR.84455
999 _c133178
_d133178